=LDR 00000nam 2200000 4500 =001 NUTBA000000000002033 =005 20140531114313.0 =006 =007 =008 =020 ##$$a 978-979-22-7102-7 =035 ##$$a 0010-051400000000498 =082 ##$$a 813 =100 ##$$a SOPHIE KINSELLA =245 ##$$a COCKTAILS FOR THREE =260 ##$$a JAKARTA $b GRAMEDIA p.u $c 2011 =850 ##$$a NBPNMAT =990 ##$$a 21400613/BPAP-NTB/20142014 =990 ##$$a 0001/BPAP-NTB/20142014 =990 ##$$a 0001/BPAP-NTB/20142014 =990 ##$$a 0001/BPAP-NTB/20142014 =990 ##$$a 21400613/BPAP-NTB/20142014 =990 ##$$a 0001/BPAP-NTB/20142014